Evaluation of some indigenous minerals as fillers for the rubber industry (Record no. 59007)

MARC details
000 -LEADER
fixed length control field 00433nam a2200145Ia 4500
100 ## - MAIN ENTRY--AUTHOR NAME
Personal name Fernando W S E
245 #0 - TITLE STATEMENT
Title Evaluation of some indigenous minerals as fillers for the rubber industry
260 ## - PUBLICATION, DISTRIBUTION, ETC. (IMPRINT)
Name of publisher Journal of the Rubber Research Institute of Sri Lanka
Year of publication 1981
300 ## - PHYSICAL DESCRIPTION
Number of Pages 6-Jan
650 ## - SUBJECT ADDED ENTRY--TOPICAL TERM
Topical Term Fillers
650 ## - SUBJECT ADDED ENTRY--TOPICAL TERM
Topical Term Rubber industry
700 ## - ADDED ENTRY--PERSONAL NAME
Personal name Jayasinghe P P
942 ## - ADDED ENTRY ELEMENTS (KOHA)
Koha item type Journals
Holdings
Withdrawn status Lost status Damaged status Not for loan Home library Current library Shelving location Date acquired Serial Enumeration / chronology Koha item type
      Journals RRII Library RRII Library Rubber chemistry 17/12/2021 Volume 59, Issue Journals